ARRUPE JESUIT UNIVERSITY

CORONAVIRUS -STOP THE SPREAD - CLEAN,DISINFECT,COVER

African cinema : (Record no. 124394)

MARC details
000 -LEADER
fixed length control field 01096cam a2200313 a 4500
001 - CONTROL NUMBER
control field 2143650
003 - CONTROL NUMBER IDENTIFIER
control field ARRUPE
005 - DATE AND TIME OF LATEST TRANSACTION
control field 20160318151836.0
008 - FIXED-LENGTH DATA ELEMENTS--GENERAL INFORMATION
fixed length control field 980817s1999 njua bq 001 0 eng
010 ## - LIBRARY OF CONGRESS CONTROL NUMBER
LC control number 98037159
020 ## - INTERNATIONAL STANDARD BOOK NUMBER
International Standard Book Number 0865436967 (hardbound)
020 ## - INTERNATIONAL STANDARD BOOK NUMBER
International Standard Book Number 0865436975 (pbk.)
035 ## - SYSTEM CONTROL NUMBER
System control number (DLC) 98037159
040 ## - CATALOGING SOURCE
Original cataloging agency DLC
Transcribing agency DLC
Modifying agency DLC
043 ## - GEOGRAPHIC AREA CODE
Geographic area code f------
050 00 - LIBRARY OF CONGRESS CALL NUMBER
Classification number PN1993.5.A35
Item number A357 1998
082 00 - DEWEY DECIMAL CLASSIFICATION NUMBER
Classification number 791.43/096
Edition number 21
300 ## - PHYSICAL DESCRIPTION
Other physical details ill. ;
Dimensions 22 cm.
100 ## - MAIN ENTRY--PERSONAL NAME
Personal name Kenneth W. Harrow.
9 (RLIN) 23009
245 00 - TITLE STATEMENT
Title African cinema :
Remainder of title postcolonial and feminist readings /
Statement of responsibility, etc edited by Kenneth W. Harrow.
260 ## - PUBLICATION, DISTRIBUTION, ETC. (IMPRINT)
Place of publication, distribution, etc Trenton, NJ :
Name of publisher, distributor, etc Africa World Press,
Date of publication, distribution, etc c1999.
300 ## - PHYSICAL DESCRIPTION
Extent xxiv, 356 p. :
504 ## - BIBLIOGRAPHY, ETC. NOTE
Bibliography, etc Includes bibliographical references, filmographies, and index.
650 #0 - SUBJECT ADDED ENTRY--TOPICAL TERM
Topical term or geographic name as entry element Motion pictures
Geographic subdivision Africa.
9 (RLIN) 23010
650 #0 - SUBJECT ADDED ENTRY--TOPICAL TERM
Topical term or geographic name as entry element Feminism and motion pictures
Geographic subdivision Africa.
9 (RLIN) 23011
700 1# - ADDED ENTRY--PERSONAL NAME
Personal name Harrow, Kenneth W.
9 (RLIN) 23012
906 ## - LOCAL DATA ELEMENT F, LDF (RLIN)
a 7
b cbc
c orignew
d 1
e ocip
f 19
g y-gencatlg
942 ## - ADDED ENTRY ELEMENTS (KOHA)
Source of classification or shelving scheme Library of Congress Classification
Koha item type Monograph ( Printed materials)
Holdings
Withdrawn status Lost status Source of classification or shelving scheme Damaged status Not for loan Collection code Home library Current library Shelving location Date acquired Total Checkouts Full call number Barcode Date last seen Price effective from Koha item type
    Library of Congress Classification     Main Collection ARRUPE LIBRARY ARRUPE LIBRARY Main Collection 18/03/2016   PN1993.5.A35A357 1998 46500007171 27/03/2019 18/03/2016 Monograph ( Printed materials)

 

Arrupe Library. PO Box MP320 Mt Pleasant, Harare, Zimbabwe
263 242 745411|librarian@aju.ac.zw